LEADER 01347nam2-2200397li-450 001 990000223500203316 005 20180312154857.0 010 $a0-07-046092-2 035 $a0022350 035 $aUSA010022350 035 $a(ALEPH)000022350USA01 035 $a0022350 100 $a20001109d1989----km-y0itay0103----ba 101 0 $aeng 102 $aUS 200 1 $aOptical integrated circuits$fHiroshi Nishihara, Masamitsu Haruna, Toshiaki Suhara 210 $aNew York [etc.]$cMacGraw-Hill$dcopyr. 1989 215 $aXV, 374 p.$cill., fot.$d26 cm 225 2 $aMcGraw-Hill optical and electro-optical engineering series$v0 410 0$10010022351$12001$aMcGraw-Hill optical and electro-optical engineering series$fRobert E. Fisher and Warren J. Smith, series editor 610 1 $aottica integrata 676 $a621369$9. 700 1$aNishihara,$bHiroshi$0496895 702 1$aHaruna,$bMasamitsu 702 1$aSuhara,$bToshiaki 801 $aSistema bibliotecario di Ateneo dell' Università di Salerno$gRICA 912 $a990000223500203316 951 $a621.369 3 NIS (A)$b0000856 959 $aBK 969 $aTEC 979 $c19910320 979 $c20001110$lUSA01$h1714 979 $c20020403$lUSA01$h1630 979 $aPATRY$b90$c20040406$lUSA01$h1616 996 $aOptical integrated circuits$91501096 997 $aUNISA LEADER 01333nam0 22003373i 450 001 VAN00294376 005 20250606083951.713 017 70$2N$a9789811690815 100 $a20250606d2022 |0itac50 ba 101 $aeng 102 $aSG 105 $a|||| ||||| 181 $ai$b e 182 $ab 183 $acr 200 1 $aGlycobiology of Innate Immunology$fCheorl-Ho Kim 210 $aSingapore$cSpringer$d2022 215 $aXIX, 656 p.$cill.$d24 cm 620 $aSG$dSingapore$3VANL000061 676 $a576.5$cGenetica$v22 676 $a616.079$cImmunologia$v22 700 1$aKim$bCheorl-Ho$3VANV250275$01062709 712 $aSpringer $3VANV108073$4650 801 $aIT$bSOL$c20250613$gRICA 856 4 $uhttps://link.springer.com/book/10.1007/978-981-16-9081-5$zE-book - Accesso al full-text attraverso riconoscimento IP di Ateneo, proxy e/o Shibboleth 899 $aBIBLIOTECA DEL DIPARTIMENTO DI SCIENZE E TECNOLOGIE AMBIENTALI BIOLOGICHE E FARMACEUTICHE$1IT-CE0101$2VAN17 912 $fN 912 $aVAN00294376 950 $aBIBLIOTECA DEL DIPARTIMENTO DI SCIENZE E TECNOLOGIE AMBIENTALI BIOLOGICHE E FARMACEUTICHE$d17CONS e-book 2396 $e17BIB2396/202 202 20250606 996 $aGlycobiology of innate immunology$93560461 997 $aUNICAMPANIA